| 000 | 00696nam a2200205Ia 4500 | ||
|---|---|---|---|
| 001 | 9452 | ||
| 003 | GE_BSU | ||
| 008 | 181216s||||||||xx |||||||||||||| ||und|| | ||
| 040 | _cGE_BSU | ||
| 080 | _a821.353.1–1+821.353.11 | ||
| 100 | _aმებურიშვილი,ტაგუ | ||
| 245 | _aლექსები და პოემები | ||
| 245 | _cრედ. ე.ფალიანი.მხატვ.დ.დუნდუა | ||
| 260 | _aთბილისი | ||
| 260 | _bსაბჭოთა საქართველო | ||
| 260 | _c1985 | ||
| 300 | _a287გვ.პორტრ.20სმ. | ||
| 653 | _aლექსები და პოემები | ||
| 942 | _cBK | ||
| 999 |
_c42746 _d42746 |
||